Normal view
MARC view
Entry Personal Name
001 - CONTROL NUMBER
- control field: 21638
003 - CONTROL NUMBER IDENTIFIER
- control field: ARRUPE
005 - DATE AND TIME OF LATEST TRANSACTION
- control field: 20160120151852.0
008 - FIXED-LENGTH DATA ELEMENTS
- fixed length control field: 160120|| aca||aabn | a|a d
040 ## - CATALOGING SOURCE
- Original cataloging agency: ARRUPE
- Transcribing agency: ARRUPE
100 ## - HEADING--PERSONAL NAME
- Personal name: Aron, Raymond,
- Dates associated with a name: 1905-1983.
670 ## - SOURCE DATA FOUND
- Source citation: Work cat.: (ARRUPE)0: Aron, Raymond, 1905-1983., History and the dialectic of violence :, 1975.